MARC details
| 000 -CABECERA |
| campo de control de longitud fija |
01500nam a2200277 a 4500 |
| 001 - NÚMERO DE CONTROL |
| campo de control |
000015351 |
| 003 - IDENTIFICADOR DEL NÚMERO DE CONTROL |
| campo de control |
OSt |
| 005 - FECHA Y HORA DE LA ÚLTIMA TRANSACCIÓN |
| campo de control |
20250221073754.0 |
| 008 - DATOS DE LONGITUD FIJA--INFORMACIÓN GENERAL |
| campo de control de longitud fija |
100205s2008 dr abd 001 0 spa d |
| 040 ## - FUENTE DE LA CATALOGACIÓN |
| Centro catalogador/agencia de origen |
DO-SdBNP |
| Lengua de catalogación |
spa |
| Centro/agencia transcriptor |
BNPHU |
| 082 #4 - NÚMERO DE LA CLASIFICACIÓN DECIMAL DEWEY |
| Número de clasificación |
317.293 |
| Número de documento/Ítem |
R426e, 2005 |
| 110 1# - ENTRADA PRINCIPAL--NOMBRE DE ENTIDAD CORPORATIVA |
| Nombre de entidad corporativa o nombre de jurisdicción como elemento de entrada |
República Dominicana |
| Unidad subordinada |
Oficina Nacional de Estadística |
| 9 (RLIN) |
34693 |
| 245 10 - MENCIÓN DE TÍTULO |
| Título |
Encuesta nacional de hogares de propósitos múltiples (ENHOGAR 2005) : |
| Resto del título |
informe general. |
| 260 ## - PUBLICACIÓN, DISTRIBUCIÓN, ETC. |
| Lugar de publicación, distribución, etc. |
Santo Domingo : |
| Nombre del editor, distribuidor, etc. |
ONE: |
| -- |
UNICEF, |
| Fecha de publicación, distribución, etc. |
2008. |
| 300 ## - DESCRIPCIÓN FÍSICA |
| Extensión |
181 p. : |
| Otras características físicas |
il., gráf., map., retrs. ; |
| Dimensiones |
28 cm. |
| 505 0# - NOTA DE CONTENIDO CON FORMATO |
| Nota de contenido con formato |
Introducción -- Aspectos metodológicos -- Características de las viviendas y personas entrevistadas -- Medio ambiente -- Mortalidad en la niñez -- Nutrición en la niñez -- Salud infantil -- Fecundación y salud reproductiva -- Desarrollo del niño -- Educación -- Vulnerabilidad infantil -- Conocimiento, actitudes y prácticas femeninas frente al VIH Anexos. |
| 590 ## - NOTA LOCAL (RLIN) |
| Nota local |
Inventariado,2018/DG |
| 650 #4 - PUNTO DE ACCESO ADICIONAL DE MATERIA--TÉRMINO DE MATERIA |
| Término de materia o nombre geográfico como elemento de entrada |
Encuestas de hogares |
| Subdivisión geográfica |
República Dominicana |
| Subdivisión cronológica |
2005 |
| 9 (RLIN) |
34694 |
| 650 #4 - PUNTO DE ACCESO ADICIONAL DE MATERIA--TÉRMINO DE MATERIA |
| Término de materia o nombre geográfico como elemento de entrada |
Educación |
| Subdivisión geográfica |
República Dominicana |
| Subdivisión cronológica |
2005 |
| 9 (RLIN) |
34695 |
| Subdivisión de forma |
Estadísticas |
| 650 #4 - PUNTO DE ACCESO ADICIONAL DE MATERIA--TÉRMINO DE MATERIA |
| Término de materia o nombre geográfico como elemento de entrada |
Salud infantil |
| Subdivisión geográfica |
República Dominicana |
| Subdivisión cronológica |
2005 |
| 9 (RLIN) |
34696 |
| Subdivisión de forma |
Estadísticas |
| 651 #4 - PUNTO DE ACCESO ADICIONAL DE MATERIA--NOMBRE GEOGRÁFICO |
| Nombre geográfico |
República Dominicana |
| Subdivisión general |
Población |
| Subdivisión cronológica |
2005 |
| 9 (RLIN) |
34697 |
| Subdivisión de forma |
Estadísticas |
| 710 12 - PUNTO DE ACCESO ADICIONAL--NOMBRE DE ENTIDAD CORPORATIVA |
| Nombre de entidad corporativa o nombre de jurisdicción como elemento de entrada |
República Dominicana. |
| Unidad subordinada |
Oficina Nacional de Estadística |
| 9 (RLIN) |
5775 |
| 710 2# - PUNTO DE ACCESO ADICIONAL--NOMBRE DE ENTIDAD CORPORATIVA |
| Nombre de entidad corporativa o nombre de jurisdicción como elemento de entrada |
Fondo de Naciones Unidas para la Infancia |
| 9 (RLIN) |
34698 |
| 910 ## - DATOS DE OPCIÓN DEL USUARIO (OCLC) |
| Datos de opción del usuario |
Validado. Control de calidad MFF |
| 942 ## - ELEMENTOS DE PUNTO DE ACCESO ADICIONAL (KOHA) |
| Fuente del sistema de clasificación o colocación |
Dewey Decimal Classification |
| Tipo de ítem Koha |
Libro |